=LDR 00000nam 2200000 4500 =001 INLIS000000000004479 =005 20130612092739 =008 ***********************************Ind** =035 ##$$0010-061300000004479 =041 ##$$a Ind =082 ##$$a 028.5 =090 ##$$a 028.5, Har a =100 ##$$a HARTATI, Tati =245 ##$$a Aku yang terbuang / oleh Tati Hartati. -- =260 ##$$a 2001 $b [s.l.] : Wanda Putra Persada =300 ##$$a vi, 76 hlm. : ilus. ; 21 cm =650 ##$$a Bacaan Kanak-kanak =850 ##$$a NBPNMAT